000 00417nam a2200181Ia 4500
999 _c1519
_d1519
003 OSt
005 20190927124559.0
008 190723s9999 xx 000 0 und d
020 _a978-0078035210
040 _cmaju
100 _aRobert, S.Feldman
245 0 _aUnderstanding Psychology
250 _a11th
260 _aBostan
_bMc-Graw Hill
_c2016
300 _a621:p
648 _2Psychology
942 _cBK
_2ddc